| 000 | 00620cam a2200157K 4500 | ||
|---|---|---|---|
| 082 | 0 | 4 |
_a355 _bBOO |
| 100 | 1 |
_aCalthrop, Everard Ferguson, _948711 |
|
| 245 | 1 | 4 |
_aThe book of war _bthe military classic of the Far East, _ctranslated from the Chinese by Captain E.F. Calthrop. |
| 260 |
_aLondon, _bJ. Murray, _c1908. |
||
| 300 | _a1 online resource (132 p.) | ||
| 505 | 8 | _aContains the articles of Sun Tzu and the sayings of Wun Tzu. | |
| 526 |
_a0 _b0 _c0 _d355_000000000000000_BOO |
||
| 650 | 0 |
_aMilitary art and science. _937914 |
|
| 856 | 4 | 0 | _uhttp://catalog.hathitrust.org/api/volumes/oclc/4655480.html |
| 942 |
_2ddc _cBK |
||
| 999 |
_c551565 _d551565 |
||